000 00674nam a2200193 i 4500
001 92250
003 ES-MaACL
005 20250725232352.0
007 t|
008 050224s1970 sp ||||1| spa d
245 0 0 _aLibro de oro de la poesía en lengua castellana
_b: (España y América) /
_cSelección, prólogo y notas biográficas de María Luz Morales.
260 _aBarcelona :
_bJuventud,
_c[1970]
300 _a2 v. ;
_c19 cm.
650 7 _aPoesías españolas
_2embne
_916214
650 4 _aPoesías hispanoamericanas.
_9148477
700 1 _aMorales, María Luz,
_d1889-1980
_983001
852 _aES-MaACL
_jC-40159-60
_bR.76688
999 _c92250
_d92250